Los artistas bajo la carpa del circo (Record no. 87048)
[ view plain ]
| 000 -LEADER | |
|---|---|
| campo de control de longitud fija | 00578nam a2200169 i 4500 |
| 001 - NÚMERO DE CONTROL | |
| campo de control | 87048 |
| 003 - IDENTIFICADOR DE NÚMERO DE CONTROL | |
| campo de control | ES-MaACL |
| 005 - FECHA Y HORA DE LA ÚLTIMA TRANSACCIÓN | |
| campo de control | 20230906175559.0 |
| 007 - CAMPO FIJO DE DESCRIPCIÓN FÍSICA--INFORMACIÓN GENERAL | |
| campo de control de longitud fija | t| |
| 008 - DATOS DE LONGITUD FIJA--INFORMACIÓN GENERAL | |
| campo de control de longitud fija | 041217s1972 sp ||||1| spa d |
| 100 1# - ENTRADA PRINCIPAL--NOMBRE DE PERSONA | |
| Nombre de persona | Kluge, Alexander. |
| 9 (RLIN) | 68307 |
| 245 14 - MENCIÓN DEL TÍTULO | |
| Título | Los artistas bajo la carpa del circo |
| Resto del título | : perplejos, la escéptica, proyecto Z, proverbios de Loni Peickert / |
| Mención de responsabilidad, etc. | Alexander Kluge ; [traductor Bernardo Fernández]. |
| 260 ## - PUBLICACIÓN, DISTRIBUCIÓN, ETC. | |
| Lugar de publicación, distribución, etc. | Madrid : |
| Nombre del editor, distribuidor, etc. | Alianza, |
| Fecha de publicación, distribución, etc. | [1972] |
| 300 ## - DESCRIPCIÓN FÍSICA | |
| Extensión | 163 p. ; |
| Dimensiones | 18 cm. |
| 700 1# - ENTRADA AGREGADA--NOMBRE PERSONAL | |
| Nombre de persona | Fernández, Bernardo. |
| 9 (RLIN) | 49344 |
| 852 ## - LOCALIZACIÓN | |
| Ubicación | ES-MaACL |
| Número de control de estantería | C-47596 |
| Sublocalización o colección | R.80428 |
| Estatus retirado | Estado de pérdida | Estado de daño | No para préstamo | Biblioteca de origen | Biblioteca actual | Ubicación en estantería | Fecha de adquisición | Fuente de adquisición | Total de préstamos | Signatura topográfica completa | Código de barras | Visto por última vez | Precio de reemplazo | Tipo de ítem Koha |
|---|---|---|---|---|---|---|---|---|---|---|---|---|---|---|
| Biblioteca del Ateneo de Madrid | Biblioteca del Ateneo de Madrid | Depósito 2 | 17/01/2008 | C-47596 | 1090950 | 23/02/2023 | 23/02/2023 | Libro impreso |
